00472nam a2200169Ia 4500008004100000041001200041082001900053100002300072245004900095365000600144520001400150546001200164630004900176650001400225655001400239730004900253101110s9999 xx 000 0 und d aENGLISH bSR10213a915.4 aSingh Govind Saran aPolitical Geography of India, Maps by Lestex b8 aGeography aENGLISH aPolitical Geography of India, Maps by Lestex aGeography aGeography aPolitical Geography of India, Maps by Lestex